| 000 | 00822nam a2200277 4500 | ||
|---|---|---|---|
| 003 | OSt | ||
| 005 | 20260530115313.0 | ||
| 008 | 260506b1976 mx a|||| |||| 00| 0 spa d | ||
| 020 | _a9681312058 | ||
| 040 |
_aICI _bspa _cICI |
||
| 041 | _aspa | ||
| 050 |
_aN6447 _bW46 |
||
| 100 | 1 |
_aWestheim, Paul, _eautor _96016 |
|
| 245 | 1 | 3 |
_aEl pensamiento artístico moderno y otros ensayos / _cPaul Westheim |
| 250 | _aPrimera edición | ||
| 264 | 1 |
_aMéxico: _bSEP, _c1976 |
|
| 300 |
_a197 páginas: _bIlustraciones |
||
| 336 |
_atexto _2rdacontent |
||
| 337 |
_asin medio _2rdamedia |
||
| 338 |
_avolumen _2rdacarrier |
||
| 490 |
_aSepSetentas ; _v295 |
||
| 650 | 4 |
_aArte moderno _ySiglo XIX _93106 |
|
| 650 | 4 |
_aArte moderno _ySiglo XX _91863 |
|
| 700 | 1 |
_aFrenk, Mariana, _etraductor y recopilación |
|
| 942 |
_2lcc _cBK _n1 |
||
| 999 |
_c13479 _d13479 |
||